[Event "ACT-ch"]
[Site "Canberra"]
[Date "2017.03.12"]
[Round "6"]
[White "Archer, Saffron"]
[Black "Hathiramani, Athena"]
[Result "1-0"]
[WhiteElo "1428"]
[BlackElo "1391"]
[PlyCount "85"]
[EventDate "2017.03.10"]
[EventType "swiss"]
[EventRounds "7"]
[EventCountry "AUS"]
[SourceTitle "EXT 2023"]
[Source "ChessBase"]
[SourceDate "2022.10.05"]
[SourceVersion "1"]
[SourceVersionDate "2022.10.05"]
[SourceQuality "1"]

1. e4 d5 2. exd5 Qxd5 3. Nc3 Qa5 4. d4 c6 5. Nf3 Nf6 6. Be2 Bf5 7. 0-0 e6 8. Re1 Be7 9. Bf4 0-0 10. Ne5 Nbd7 11. Qd2 Nxe5 12. Bxe5 Bg6 13. Rad1 Nd5 14. Nxd5 Qxd5 15. c4 Qd8 16. a3 a5 17. d5 exd5 18. cxd5 Bf6 19. Bxf6 Qxf6 20. dxc6 Qxc6 21. Bf3 Qc7 22. Qd7 Qxd7 23. Rxd7 Rae8 24. Rxe8 Rxe8 25. h3 b5 26. Rb7 h6 27. Rxb5 a4 28. Rb4 Bc2 29. Bc6 Re1+ 30. Kh2 Rb1 31. Kg3 Bb3 32. Be4 g6 33. Bxb1 Kg7 34. Bd3 h5 35. Bb5 Kh6 36. Bxa4 Be6 37. Bb3 Bxb3 38. Rxb3 Kg7 39. a4 Kh6 40. a5 Kg7 41. a6 Kh7 42. a7 Kg7 43. a8Q 1-0

[Event "ACT-ch"]
[Site "Canberra"]
[Date "2017.03.10"]
[Round "1"]
[White "Hathiramani, Dillon"]
[Black "Archer, Saffron"]
[Result "1-0"]
[WhiteElo "1949"]
[BlackElo "1428"]
[PlyCount "51"]
[EventDate "2017.03.10"]
[EventType "swiss"]
[EventRounds "7"]
[EventCountry "AUS"]
[SourceTitle "EXT 2023"]
[Source "ChessBase"]
[SourceDate "2022.10.05"]
[SourceVersion "1"]
[SourceVersionDate "2022.10.05"]
[SourceQuality "1"]

1. e4 e6 2. d4 d5 3. Nd2 dxe4 4. Nxe4 Nd7 5. Nf3 Ngf6 6. Nxf6+ Nxf6 7. Bd3 c5 8. Be3 Qc7 9. 0-0 Bd6 10. Qd2 0-0 11. dxc5 Bxc5 12. Rad1 b6 13. Bf4 Qe7 14. c3 Bb7 15. b4 Bxf3 16. gxf3 e5 17. Rfe1 Qd8 18. Bxe5 Be7 19. Qc2 Qc8 20. Bg3 Qb7 21. Qe2 Nd5 22. Be4 Nxc3 23. Bxb7 Nxe2+ 24. Rxe2 Rad8 25. Rxd8 Bxd8 26. Bd6 1-0

[Event "Oceania zt 3.6"]
[Site "Auckland"]
[Date "2017.01.15"]
[Round "3"]
[White "Davis, Tony J"]
[Black "Archer, Saffron"]
[Result "1-0"]
[WhiteElo "1851"]
[BlackElo "1417"]
[PlyCount "57"]
[EventDate "2017.01.14"]
[EventType "swiss"]
[EventRounds "9"]
[EventCountry "NZL"]
[SourceTitle "EXT 2018"]
[Source "ChessBase"]
[SourceDate "2017.10.13"]
[SourceVersion "1"]
[SourceVersionDate "2017.10.13"]
[SourceQuality "1"]

1. d4 d5 2. Nc3 e6 3. Nf3 f5 4. Bf4 Nf6 5. e3 c6 6. Ne5 Be7 7. Bd3 0-0 8. Qe2 Ne4 9. h4 b6 10. h5 c5 11. Bxe4 fxe4 12. Ng6 Re8 13. Nxe7+ Qxe7 14. Nb5 Ba6 15. a4 Nc6 16. Qd2 Bxb5 17. axb5 Na5 18. b3 Qd7 19. Qe2 Rec8 20. Be5 Nb7 21. Rh3 Nd6 22. Rg3 Nf5 23. Rg5 Qe7 24. Qg4 cxd4 25. Bxg7 Nxg7 26. h6 Qb4+ 27. Kf1 Qxb5+ 28. Kg1 Rc7 29. Rxg7+ 1-0

[Event "ACT-ch"]
[Site "Canberra"]
[Date "2015.03.09"]
[Round "6"]
[White "Archer, Saffron"]
[Black "Fraser, Alexander"]
[Result "1-0"]
[WhiteElo "649"]
[BlackElo "493"]
[PlyCount "57"]
[EventDate "2015.03.06"]
[EventType "swiss"]
[EventRounds "7"]
[EventCountry "AUS"]
[SourceTitle "CBM 165 Extra"]
[Source "ChessBase"]
[SourceDate "2015.04.21"]
[SourceVersion "1"]
[SourceVersionDate "2015.04.21"]
[SourceQuality "1"]

1. e4 e5 2. Nf3 Nc6 3. d4 d5 4. Nxe5 dxe4 5. Nxc6 bxc6 6. Nc3 Nf6 7. Bg5 Bb4 8. Bc4 Qd6 9. Bxf6 Qxf6 10. 0-0 Bxc3 11. bxc3 0-0 12. Re1 Re8 13. f3 Bf5 14. fxe4 Rxe4 15. Rxe4 Bxe4 16. Qe2 Qg6 17. Rb1 a5 18. Bd3 Re8 19. Rb7 f6 20. Bxe4 Rxe4 21. Rb8+ Kf7 22. Qc4+ Ke7 23. Qxc6 Kf7 24. Qxc7+ Re7 25. Qc4+ Re6 26. Rb7+ Kf8 27. Qxe6 h5 28. Rb8+ Qe8 29. Rxe8# 1-0

[Event "ACT-ch"]
[Site "Canberra"]
[Date "2015.03.09"]
[Round "7"]
[White "Danaswara, Indis"]
[Black "Archer, Saffron"]
[Result "1-0"]
[WhiteElo "1061"]
[BlackElo "649"]
[PlyCount "71"]
[EventDate "2015.03.06"]
[EventType "swiss"]
[EventRounds "7"]
[EventCountry "AUS"]
[SourceTitle "CBM 165 Extra"]
[Source "ChessBase"]
[SourceDate "2015.04.21"]
[SourceVersion "1"]
[SourceVersionDate "2015.04.21"]
[SourceQuality "1"]

1. e4 e5 2. Nf3 Nc6 3. Bc4 Bc5 4. 0-0 Nf6 5. Nc3 d6 6. h3 Be6 7. Bb3 Qd7 8. d3 h6 9. Be3 Bb6 10. Re1 0-0 11. Qd2 Rad8 12. Ba4 Rfe8 13. d4 exd4 14. Bxd4 Bxd4 15. Nxd4 a6 16. Rad1 b5 17. Ncxb5 axb5 18. Bxb5 Qc8 19. Nxc6 Rd7 20. Nd4 Rde7 21. Bxe8 Rxe8 22. Nxe6 Qxe6 23. a4 Qd7 24. a5 Qb5 25. b4 Nxe4 26. Qd3 Qxb4 27. f3 Nf6 28. Rxe8+ Nxe8 29. Qa6 Qb8 30. Qc6 Nf6 31. a6 Qa7+ 32. Kh2 Kf8 33. Qb7 Qxb7 34. axb7 Nd7 35. Ra1 Ke7 36. Ra8 1-0